| 000 | 02038nam0a2200349 i 4500 | ||
|---|---|---|---|
| 001 | RU\NLR\BIBL_A\010464949 | ||
| 005 | 20260408115404.0 | ||
| 010 |
_a9785434304870 _9200 |
||
| 021 |
_aRU _b14-52042 |
||
| 035 | _a(NILC)RuMoRGB-007522133 | ||
| 035 | _a(NLR Aleph) 010464949 | ||
| 090 |
_a9996785 _c9996785 |
||
| 100 | _a20140923d2013 km y0rusy50 ca | ||
| 101 | 0 |
_arus _aeng _abul _amac |
|
| 102 | _aRU | ||
| 105 | _ay|||z|||1|||| | ||
| 200 | 1 |
_aОбщество, общности, человек: в поисках "вечного мира" _eматериалы VI Международной научной Интернет-конференции, 11 ноября 2013 г. _f[ред.: И. А. Федоров, С. В. Гузенина] |
|
| 210 |
_aТамбов _cБизнес-Наука-Общество _d2013 |
||
| 215 |
_a237 с. _cил., табл. _d21 |
||
| 300 | _aВ надзаг.: М-во образования и науки РФ, ФГОУ ВПО "Тамбов. гос. ун-т им. Г. Р. Державина", Ин-т гуманитар. и социал. образования, Каф. теорет. и приклад. социологии | ||
| 300 | _aТекст докл. на рус., англ., болг. и македон. яз. | ||
| 320 | _aБиблиогр. в конце докл. | ||
| 606 |
_aОбщественные науки _jСъезды, совещания и т.п _91112139 _3RU\NLR\AUTH\66119728 |
||
| 686 | 1 | _aС.я431 | |
| 702 | 1 |
_4340 _7ca _8rus _aФедоров _bИ. А. _f1953-2015 _cд-р социол. наук _gИгорь Алексеевич _3RU\NLR\AUTH\7740742 _923693 |
|
| 711 | 1 | 2 |
_a"Общество, общности, человек: в поисках "вечного мира", международная научная Интернет-конференция _d6 _f2013 _eТамбов _3RU\NLR\AUTH\880379428 _9425235 |
| 801 | 0 |
_aRU _bРГБ _c20140718 _gRCR |
|
| 942 | _cBOOK | ||
| 980 | _aNBR | ||